000 01163nam a2200265Ia 4500
003 OSt
005 20220918110728.0
006 a|||||r|||| 00| 0
007 ta
008 220915b |||||||| |||| 00| 0 hin d
020 _a9788179752050 (hbk (Set))
_c6300
024 _a25,490
037 _b380, 15/03/2016, Eastern Book Linkers
_cReference Collections
040 _aARTS
_cARTS
_bhin
041 _2hin
_ahin
082 _aV2:51xN10, 152P8.1-.9(RR)
100 _aकपूर, मस्तराम, संपा.
245 0 _aराममनोहर लोहिया रचनावली
246 _aRāmamanohar lohiyā rachanāvalī
260 _aदिल्ली
_bअनामिका पब्लिशर्स एण्ड डिस्ट्रीब्यूटर्स भारत
_c2012
490 _vभाग 1
650 _aभारत-इतिहास; लोहिया, राममनोहर
_99208
942 _hV2:51xN10, 152P8.1-.9(RR)
_cREF
999 _c114280
_d114280